000 00298nam a22001337a 4500
008 180222b xxu||||| |||| 00| 0 eng d
020 _a9781882742240
041 _aeng
080 _a617
100 _a8
101 _aORT
245 _aTarascon pocket orthipeadica
_cRispoli,D.M
942 _2udc
_cBK
999 _c43122
_d43122